[Event "Evry op"]
[Site "Evry"]
[Date "2007.10.31"]
[Round "1"]
[White "Carpentier, Jacqueline"]
[Black "Blinette, Fabrice"]
[Result "0-1"]
[WhiteElo "1140"]
[BlackElo "1669"]
[PlyCount "76"]
[EventDate "2007.10.31"]
[EventType "swiss"]
[EventRounds "9"]
[EventCountry "FRA"]
[SourceTitle "EXT 2009"]
[Source "ChessBase"]
[SourceDate "2008.11.26"]
[SourceVersion "1"]
[SourceVersionDate "2008.11.26"]
[SourceQuality "1"]

1. e4 c6 2. d4 d5 3. Nc3 dxe4 4. f3 e6 5. Be3 Nf6 6. Qd2 Bb4 7. 0-0-0 Na6 8. a3 Ba5 9. Bc4 b5 10. Bb3 Qe7 11. a4 Nc7 12. fxe4 Nxe4 13. Nxe4 Bxd2+ 14. Rxd2 Qh4 15. Nd6+ Ke7 16. Nf3 Qh5 17. Ne4 h6 18. Ne5 Nd5 19. Re1 Bd7 20. h3 f6 21. g4 Qe8 22. Nc5 fxe5 23. g5 Nxe3 24. Rxe3 hxg5 25. dxe5 Kd8 26. Red3 Kc7 27. Rd6 Rd8 28. Na6+ Kb6 29. Nb4 Rxh3 30. R2d3 g4 31. Ba2 Rxd3 32. Rxd3 a5 33. Nxc6 Bxc6 34. b3 Rxd3 35. cxd3 g3 36. axb5 Kxb5 37. b4 Kxb4 38. Bc4 Kc3 0-1